Statistics for 2010s Oscar Best Animated Pictures Nominees

Click here to take the quiz!

General Stats

  • This quiz has been taken 65 times
  • The average score is 15 of 48

Answer Stats

Movie% Correct
Frozen
86%
Toy Story 3
82%
Coco
71%
Up
70%
Brave
66%
Inside Out
63%
Zootopia
59%
Moana
57%
Incredibles 2
54%
How to Train Your Dragon
50%
Spider-Man: Into the Spider-Verse
50%
Big Hero 6
45%
Despicable Me 2
43%
Wreck-It Ralph
43%
How to Train Your Dragon 2
39%
Kung Fu Panda 2
34%
Rango
34%
Ralph Breaks the Internet
32%
Fantastic Mr. Fox
30%
Frankenweenie
27%
Isle of Dogs
25%
Kubo and the Two Strings
25%
ParaNorman
25%
Puss in Boots
25%
The Boss Baby
25%
The Wind Rises
25%
Coraline
23%
The Croods
23%
The Princess and the Frog
23%
Song of the Sea
21%
The Boxtrolls
20%
Anomalisa
18%
Ferdinand
18%
Mirai
18%
The Illusionist
18%
A Cat in Paris
16%
The Red Turtle
16%
The Tale of the Princess Kaguya
16%
Chico & Rita
14%
My Life as a Courgette
14%
The Breadwinner
14%
The Pirates! In an Adventure with Scientists
14%
The Secret of Kells
14%
When Marnie Was There
14%
Boy and the World
13%
Ernest & Celestine
11%
Loving Vincent
11%
Shaun the Sheep Movie
11%

Score Distribution

Percentile by Number Answered

Percent of People with Each Score

Your Score History

You have not taken this quiz